00279nam a2200085Ia 4500001000800000005001700008008004100025245010600066260002100172125050020251031150857.0251031s9999 xx 000 0 und d 0cFİDEL CASTROaG-5 BAZI İNSANLAR VARLIKLI OLSUN DİYE NEDEN DİĞERLERİ YOKSUL OLMAK ZORUNDA? bDESTEK YAYINLARI